WRF model simulation over Trivandrum, India. Scripting language based model execution, visualization and evaluation routines (Record no. 4553)
[ view plain ]
| 000 -LEADER | |
|---|---|
| fixed length control field | 00664nam a22001577a 4500 |
| 003 - CONTROL NUMBER IDENTIFIER | |
| control field | OSt |
| 005 - DATE AND TIME OF LATEST TRANSACTION | |
| control field | 20220107122757.0 |
| 008 - FIXED-LENGTH DATA ELEMENTS--GENERAL INFORMATION | |
| fixed length control field | 150326b xxu||||| |||| 00| 0 eng d |
| 040 ## - CATALOGING SOURCE | |
| Transcribing agency | |
| 100 ## - MAIN ENTRY--PERSONAL NAME | |
| Personal name | Merin Juval Jacob (92212009) |
| 9 (RLIN) | 6256 |
| 245 ## - TITLE STATEMENT | |
| Title | WRF model simulation over Trivandrum, India. Scripting language based model execution, visualization and evaluation routines |
| 502 ## - DISSERTATION NOTE | |
| Degree type | MSc. Computational Science |
| Name of granting institution | 2012 - 2014 |
| Year degree granted | INT |
| -- | Manoj Kumar T K |
| -- | Azeez, P K (Salim Ali Centre for Ornithology and Natural History) |
| Miscellaneous information | "Salim Ali Centre for Ornithology and Natural History, Coimbatore" |
| 650 ## - SUBJECT ADDED ENTRY--TOPICAL TERM | |
| Topical term or geographic name entry element | VISUALIZATION |
| 9 (RLIN) | 6257 |
| 650 ## - SUBJECT ADDED ENTRY--TOPICAL TERM | |
| Topical term or geographic name entry element | PYTHON |
| 9 (RLIN) | 6258 |
| 942 ## - ADDED ENTRY ELEMENTS (KOHA) | |
| Source of classification or shelving scheme | Dewey Decimal Classification |
| Koha item type | |
| Withdrawn status | Lost status | Source of classification or shelving scheme | Damaged status | Not for loan | Home library | Current library | Date acquired | Total Checkouts | Barcode | Date last seen | Price effective from | Koha item type |
|---|---|---|---|---|---|---|---|---|---|---|---|---|
| Dewey Decimal Classification | IIITM-K | Kerala University of Digital Sciences, Innovation and Technology Knowledge Centre | 26/03/2015 | R-483 | 26/03/2015 | 26/03/2015 | Project Reports |